<?xml version="1.0" encoding="UTF-8"?>
<record
    xmlns:xsi="http://www.w3.org/2001/XMLSchema-instance"
    xsi:schemaLocation="http://www.loc.gov/MARC21/slim http://www.loc.gov/standards/marcxml/schema/MARC21slim.xsd"
    xmlns="http://www.loc.gov/MARC21/slim">

  <leader>01494nam a22002057a 4500</leader>
  <controlfield tag="001">85851</controlfield>
  <controlfield tag="005">20260429154834.0</controlfield>
  <controlfield tag="008">260429s2025    sp ||||| |||| 00| 0 spa d</controlfield>
  <datafield tag="017" ind1=" " ind2=" ">
    <subfield code="a">A 436-2020</subfield>
  </datafield>
  <datafield tag="022" ind1=" " ind2=" ">
    <subfield code="2">ISSN</subfield>
    <subfield code="a">2660-5899</subfield>
  </datafield>
  <datafield tag="040" ind1=" " ind2=" ">
    <subfield code="a">M-RABA</subfield>
    <subfield code="b">spa</subfield>
    <subfield code="c">M-RABA</subfield>
  </datafield>
  <datafield tag="245" ind1="0" ind2="3">
    <subfield code="a">La Belluerna</subfield>
    <subfield code="b">: Revista de l'Associaci&#xF3; Cultural Amics de Teulada. II &#xE8;poca - n&#xF9;m. 16 - Teulada, Tardor 2025</subfield>
  </datafield>
  <datafield tag="260" ind1=" " ind2=" ">
    <subfield code="a">Teulada</subfield>
    <subfield code="b">: Associaci&#xF3; Cultural Amics de Teulada</subfield>
    <subfield code="b">: Ajuntament de Teulada-Regidoria de Cultura</subfield>
    <subfield code="c">, 2025</subfield>
  </datafield>
  <datafield tag="300" ind1=" " ind2=" ">
    <subfield code="a">43 p. </subfield>
    <subfield code="b">: il. col. </subfield>
    <subfield code="c">; 30 cm</subfield>
  </datafield>
  <datafield tag="505" ind1=" " ind2=" ">
    <subfield code="a">Contiene: El turisme / Joan Ivars. El pintor Vit&#xF2;ria i l'&#xC0;ngel de l'Apocalipsi (II) / Tom&#xE1;s Merlos S&#xE1;nchez. Miguel Noguera, una vida entregada a la mar / Jos&#xE9; Antonio Roca. Porigasses marines / Josep Ivars Crespo. Qu&#xE8; penses quan penses en la mar / Mar Navarro Buigues. Dol de mar / Joan-Llu&#xED;s Moreno Congost. Costums desapareguts / Vicent R. Vall&#xE9;s. Caciquisme en temps de la Rep&#xFA;blica / Juanjo Buigues Sapena. Una ment brillant i un cor comprom&#xE9;s: Teresa Calatayud / Calara Vara Llobell. Colles musicales de ronda i ball a Teulada / Jaume Buigues i Villa. L'Acat es mou</subfield>
  </datafield>
  <datafield tag="546" ind1=" " ind2=" ">
    <subfield code="a">Textos en espa&#xF1;ol y en valenciano.</subfield>
  </datafield>
  <datafield tag="852" ind1=" " ind2=" ">
    <subfield code="j">F-16120</subfield>
  </datafield>
  <datafield tag="856" ind1=" " ind2=" ">
    <subfield code="u">https://archivoybiblioteca.realacademiabellasartessanfernando.com/cgi-bin/koha/opac-retrieve-file.pl?id=e09f4aecdd2ec0b5075e8048dbfdae70</subfield>
    <subfield code="y">Art&#xED;culo de Tom&#xE1;s Merlos S&#xE1;nchez-El pintor Vitoria y el &#xC1;ngel del Apocalipsis en espa&#xF1;ol</subfield>
  </datafield>
  <datafield tag="942" ind1=" " ind2=" ">
    <subfield code="c">FONDOMODER</subfield>
    <subfield code="n">0</subfield>
  </datafield>
  <datafield tag="952" ind1=" " ind2=" ">
    <subfield code="0">0</subfield>
    <subfield code="1">0</subfield>
    <subfield code="2">ddc</subfield>
    <subfield code="4">0</subfield>
    <subfield code="7">0</subfield>
    <subfield code="a">RABASF</subfield>
    <subfield code="b">RABASF</subfield>
    <subfield code="c">DP2</subfield>
    <subfield code="d">2026-04-29</subfield>
    <subfield code="e">D</subfield>
    <subfield code="i">48136</subfield>
    <subfield code="l">0</subfield>
    <subfield code="o">F-16120</subfield>
    <subfield code="p">1097149</subfield>
    <subfield code="r">2026-04-29 15:23:00</subfield>
    <subfield code="w">2026-04-29</subfield>
    <subfield code="y">FONDOMODER</subfield>
    <subfield code="z">Donaci&#xF3;n de Tom&#xE1;s Merlos S&#xE1;nchez</subfield>
  </datafield>
  <datafield tag="999" ind1=" " ind2=" ">
    <subfield code="c">85851</subfield>
    <subfield code="d">85851</subfield>
  </datafield>
</record>
